| 000 | 00447nam a2200169 4500 | ||
|---|---|---|---|
| 001 | 24763 | ||
| 005 | 20230411085952.0 | ||
| 008 | 060907n1995 dr spa | ||
| 020 | _a019457234X | ||
| 035 | _9funglode24949 | ||
| 041 | _aEN | ||
| 100 | _aWallwork, Adrian | ||
| 245 | 1 |
_aBusiness options : _bstudent³s book / _cAdrian Wallwork |
|
| 260 |
_aOxford : _bOxford University Press, _c1995 |
||
| 300 | _a189 p. | ||
| 942 |
_2lcc _cbk |
||
| 999 |
_c110196 _d110196 |
||